[Event "Buenos Aires Najdorf Centenary op"]
[Site "Buenos Aires"]
[Date "2010.04.08"]
[Round "2"]
[White "Calens, Diego"]
[Black "Real de Azua, Ernesto"]
[Result "0-1"]
[WhiteElo "2108"]
[BlackElo "2420"]
[PlyCount "38"]
[EventDate "2010.04.04"]
[EventType "swiss"]
[EventRounds "9"]
[EventCountry "ARG"]
[SourceTitle "CBM 136 Extra"]
[Source "ChessBase"]
[SourceDate "2010.07.02"]
[SourceVersion "2"]
[SourceVersionDate "2010.07.15"]
[SourceQuality "1"]

1. d4 Nf6 2. c4 c5 3. Nf3 cxd4 4. Nxd4 Nc6 5. Nc3 e6 6. g3 Qb6 7. Nb3 Ne5 8. e4 Bb4 9. Qe2 d6 10. f4 Nc6 11. Bg2 e5 12. Bd2 0-0 13. Nd5 Nxd5 14. cxd5 Bxd2+ 15. Qxd2 Nb4 16. fxe5 Bg4 17. a3 Nc2+ 18. Qxc2 Qe3+ 19. Kf1 f5 0-1

[Event "Buenos Aires CC Argentino"]
[Site "Buenos Aires"]
[Date "2010.04.04"]
[Round "9"]
[White "Calens, Diego"]
[Black "Bassan, Remo"]
[Result "0-1"]
[WhiteElo "2108"]
[BlackElo "2165"]
[PlyCount "90"]
[EventDate "2010.03.15"]
[EventType "tourn"]
[EventRounds "11"]
[EventCountry "ARG"]
[SourceTitle "EXT 2019"]
[Source "ChessBase"]
[SourceDate "2018.10.10"]
[SourceVersion "1"]
[SourceVersionDate "2018.10.10"]
[SourceQuality "1"]

1. d4 Nf6 2. c4 g6 3. Nc3 d5 4. Nf3 Bg7 5. Bf4 0-0 6. Rc1 c5 7. dxc5 Qa5 8. cxd5 Ne4 9. Be5 Bxe5 10. Nxe5 Nxc5 11. Qd4 Nba6 12. e4 f6 13. Nf3 e5 14. Qd2 Bd7 15. Bc4 Qb4 16. Qe2 b5 17. Bxb5 Bxb5 18. Qxb5 Qxb5 19. Nxb5 Nd3+ 20. Ke2 Nxc1+ 21. Rxc1 Rfc8 22. Rc6 Rxc6 23. dxc6 Nb4 24. c7 Rc8 25. a3 Nc6 26. g4 a6 27. Nd6 Rxc7 28. Ne8 Rf7 29. g5 fxg5 30. Nxg5 Rb7 31. b4 a5 32. bxa5 Nxa5 33. Nf6+ Kh8 34. Ngxh7 Kg7 35. h4 Rb3 36. f3 Rxa3 37. f4 exf4 38. e5 Nc6 39. Ng5 Nxe5 40. Nfe4 Ra2+ 41. Kf1 Kh6 42. Nh3 f3 43. Neg5 Kh5 44. Ng1 Kg4 45. Ne4 Kf4 0-1